|
|
|
|
| LEADER |
00604nam a22001931a 4500 |
| 020 |
|
|
|a 0415956116
|c 0.00
|
| 040 |
|
|
|a SSUS - Library - Kalady
|
| 082 |
|
|
|a 121
|b KEL/E
|
| 100 |
|
|
|a Kelley Becker
|
| 245 |
|
|
|a Epistemology modalized
|h [Text]
|
| 260 |
|
|
|a New York
|b Routledge
|c 2007
|
| 300 |
|
|
|a 174p.
|
| 600 |
|
|
|a Epistemology
|
| 600 |
|
|
|a Philosophy Knowledge
|
| 600 |
|
|
|a Philosophy
|
| 852 |
|
|
|h 121
|i KEL/E
|p 057626
|9 5070.00
|t 0
|
| 942 |
|
|
|c BK
|
| 999 |
|
|
|c 13705
|d 13705
|
| 952 |
|
|
|0 0
|1 0
|4 0
|6 121_000000000000000_KEL_E
|7 0
|9 19671
|a SSUS
|b SSUS
|d 2015-01-08
|g 5070.00
|o 121 KEL/E
|p 057626
|r 2015-01-08
|v 0.00
|w 2015-01-08
|y BK
|